000 nam a22 7a 4500
999 _c9438
_d9438
008 180131b ||||| |||| 00| 0 eng d
100 _aMonsingh,R.
_95654
245 _aKidz Strategies
260 _aChennai
_bKids Strategies
_c2007